Logo BPK

Biblioteka

Politechniki Koszalińskiej

Potencial, transportnye processy i formirovanie K+ - poglotitel'noj sistemy v kornevych kletkach rjada vyssich rastenij / (Rekord nr 30510)

Szczegóły MARC
000 -ETYKIETA REKORDU
podpole kontrolne o stałej długości 00746nam a2200241 i 4500
001 - NUMER KONTROLNY REKORDU
pole kontrolne bg
020 ## - MIĘDZYNARODOWY ZNORMALIZOWANY NUMER KSIĄŻKI - ISBN
ISBN 8386333251
040 ## - ŹRÓDŁO KATALOGOWANIA
Instytucja, która utworzyła rekord BPK
041 ## - KOD JĘZYKA
Kod języka tekstu pol
080 ## - UNIWERSALNA KLASYFIKACJA DZIESIĘTNA - UKD
UKD 577.3
920 ## - Międzynarodowy znormalizowany numer książki – ISBN
ISBN 83-86333-25-1
008 - POLE O STAŁEJ DŁUGOŚCI - DANE KONTROLNE
podpole kontrolne o stałej długości s pl f |000 0 pol
100 1# - NAZWA OSOBOWA
Nazwa osobowa KAZARJAN, G. T.
245 10 - TYTUŁ/ODPOWIEDZIALNOŚĆ
Tytuł Potencial, transportnye processy i formirovanie K+ - poglotitel'noj sistemy v kornevych kletkach rjada vyssich rastenij /
Pozostałe elementy strefy tytułu i oznaczenia odpowiedzialności G.T. Kazarjan, Je.E. Spevlja.
260 ## - STREFA ADRESU WYDAWNICZEGO
Miejsce wydania Ljublin :
Nazwa wydawcy/dystrybutora Izd. Ljublinskogo Politechniceskogo Instituta,
Data publikacji, dystrybucji/powstania dokumentu 1994.
300 ## - STREFA OPISU FIZYCZNEGO
Objętość 279 s. :
Inne cechy fizyczne rys. ;
Rozmiary 24 cm.
504 ## - UWAGA DOTYCZĄCA BIBLIOGRAFII
Informacje o bibliografii Bibliogr. s. 256-279.
650 #9 - HASŁO PRZEDMIOTOWE W FORMIE NAZWY OGÓLNEJ LUB JEDNOSTKOWEJ
Nazwa ogólna lub geograficzna Biofizyka
650 #9 - HASŁO PRZEDMIOTOWE W FORMIE NAZWY OGÓLNEJ LUB JEDNOSTKOWEJ
Nazwa ogólna lub geograficzna Rośliny
Określnik ogólny fizjologia
700 1# - HASŁO DODATKOWE - NAZWA OSOBOWA
Nazwa osobowa SPEVLJA, Je. E.
700 1# - HASŁO DODATKOWE - NAZWA OSOBOWA
Nazwa osobowa ŚPIEWLA, E.
942 ## - DODATKOWE ELEMENTY (KOHA)
Typ dokumentu Książka
Egzemplarze
Wycofany Status egzemplarza Uszkodzony Dostępność Lokalizacja stała Lokalizacja bieżąca Miejsce przechowywania Sygnatura Kod kreskowy Typ dokumentu
      Dostępny Biblioteka Politechniki Koszalińskiej Biblioteka Politechniki Koszalińskiej Wypożyczalnia BG 37265 01328189 Książka
© 2023 Biblioteka Politechniki Koszalińskiej :: KOHA